000 00791nam a22002777a 4500
001 BR9504264
003 BR-BrBNA
005 20230928094625.0
007 ta
008 230509b bl.||||| |||| 00| 0 por d
040 _aBR-BrBNA
_bpor
_cBiblioteca Nacional de Agricultura
041 _a(Por)
072 _aH20
_b1000
090 _ 1000 BR9504264
100 1 _aRosseti, V.
110 1 _aInstituto Biologico, Sao Paulo, SP (Brasil)
_95694
245 1 _aDeclinio de plantas citricas
_bTrabalhos realizados pelo Instituto Biologicoi de 1978 a 1981
260 3 _aSao Paulo, SP Brasil):
_c1981.
300 _a13 p.
500 _a11 ref.
650 _aDeclinio dos Citrus
650 _aDoenca de Planta
650 _aSao Paulo
909 _a202309
_bLucia
_c55
_dLucia Elande
942 _cBK
999 _c51714
_d51714